000 00282nam a2200097Ia 4500
008 201231s9999 xx 000 0 und d
100 _aFisher, James S. (ed.)
245 0 _aGeography and Development : A World Regional Approach
260 _aEnglewood Cliffs
_bPrentice hall
942 _cBK
999 _c9296
_d9296